<?xml version="1.0" encoding="UTF-8"?><?xml-stylesheet type="text/xsl" href="static/style.xsl"?><OAI-PMH xmlns="http://www.openarchives.org/OAI/2.0/" xmlns:xsi="http://www.w3.org/2001/XMLSchema-instance" xsi:schemaLocation="http://www.openarchives.org/OAI/2.0/ http://www.openarchives.org/OAI/2.0/OAI-PMH.xsd"><responseDate>2026-04-13T02:18:05Z</responseDate><request verb="GetRecord" identifier="oai:www.recercat.cat:2117/428563" metadataPrefix="marc">https://recercat.cat/oai/request</request><GetRecord><record><header><identifier>oai:recercat.cat:2117/428563</identifier><datestamp>2026-02-07T07:10:17Z</datestamp><setSpec>com_2072_1033</setSpec><setSpec>col_2072_452950</setSpec></header><metadata><record xmlns="http://www.loc.gov/MARC21/slim" xmlns:dcterms="http://purl.org/dc/terms/" xmlns:xsi="http://www.w3.org/2001/XMLSchema-instance" xmlns:doc="http://www.lyncode.com/xoai" xsi:schemaLocation="http://www.loc.gov/MARC21/slim http://www.loc.gov/standards/marcxml/schema/MARC21slim.xsd">
   <leader>00925njm 22002777a 4500</leader>
   <datafield ind2=" " ind1=" " tag="042">
      <subfield code="a">dc</subfield>
   </datafield>
   <datafield ind2=" " ind1=" " tag="720">
      <subfield code="a">Wang, Xu</subfield>
      <subfield code="e">author</subfield>
   </datafield>
   <datafield ind2=" " ind1=" " tag="720">
      <subfield code="a">Liu, Zhao</subfield>
      <subfield code="e">author</subfield>
   </datafield>
   <datafield ind2=" " ind1=" " tag="720">
      <subfield code="a">Bairán García, Jesús Miguel</subfield>
      <subfield code="e">author</subfield>
   </datafield>
   <datafield ind2=" " ind1=" " tag="720">
      <subfield code="a">Li, Wenshan</subfield>
      <subfield code="e">author</subfield>
   </datafield>
   <datafield ind2=" " ind1=" " tag="260">
      <subfield code="c">2025-07</subfield>
   </datafield>
   <datafield ind2=" " ind1=" " tag="520">
      <subfield code="a">Conventional precast piers made of normal concrete (NC) typically feature a solid section, which may hinder hoisting and transportation during construction. Given the superior properties of ultra-high-performance concrete (UHPC), replacing the NC solid section with a UHPC hollow section presents a viable alternative. However, the seismic performance of thin-walled piers will be different from the solid piers. Current research on the seismic performance of hollow piers primarily focuses on cast-in-place (CIP) piers made of normal concrete, which generally have thick walls and a hollow ratio &lt;0.4. The exceptional mechanical properties and fluidity of UHPC make it feasible to reduce wall thickness in hollow piers. Nevertheless, studies specifically investigating the seismic performance of UHPC hollow piers remain limited. This study presents an experimental investigation of four precast piers with varying wall thicknesses—three made of UHPC and one made of NC as a reference. Quasi-static tests were conducted and the hysteretic responses, energy dissipation, residual displacement, and curvature distribution were discussed. Finally, a refined numerical model was developed on OpenSees platform to accurately replicate the hysteretic and skeleton curves of each specimen. Parametric and time-history analyses were conducted under six strong near-fault ground motions. The results revealed that wall thickness had a limited effect on the strength and residual displacement of UHPC hollow piers, but significantly influenced cumulative energy dissipation and stiffness degradation. The UHPC pier with a hollow ratio of 0.36 exhibited the best strength and displacement responses among all specimens.</subfield>
   </datafield>
   <datafield ind2=" " ind1=" " tag="520">
      <subfield code="a">This research is supported by the National Key Research and Development Program of China (No. 2019YFE0119800), the China Scholarship Council (CSC), during a research stay of the first author in the Universitat Politècnica de Catalunya. The third author acknowledges the support of research projects TED2021-130272B-C21 funded by MCIN/550 AEI/10.13039/501100011033 “European Union Next Generation EU/PRTR” and PID2021-123701OB-C21, funded by MCIN/AEI/10.13039/501100011033 and European Regional Development Funds (ERDF) “A way to make Europe”.</subfield>
   </datafield>
   <datafield ind2=" " ind1=" " tag="520">
      <subfield code="a">Peer Reviewed</subfield>
   </datafield>
   <datafield ind2=" " ind1=" " tag="520">
      <subfield code="a">Postprint (author's final draft)</subfield>
   </datafield>
   <datafield tag="653" ind2=" " ind1=" ">
      <subfield code="a">Àrees temàtiques de la UPC::Enginyeria civil::Materials i estructures::Materials i estructures de formigó</subfield>
   </datafield>
   <datafield tag="653" ind2=" " ind1=" ">
      <subfield code="a">Àrees temàtiques de la UPC::Enginyeria civil::Geotècnia::Sismologia</subfield>
   </datafield>
   <datafield tag="653" ind2=" " ind1=" ">
      <subfield code="a">Precast bridge piers</subfield>
   </datafield>
   <datafield tag="653" ind2=" " ind1=" ">
      <subfield code="a">Thin-walled hollow section</subfield>
   </datafield>
   <datafield tag="653" ind2=" " ind1=" ">
      <subfield code="a">Ultra-high-performance concrete (UHPC)</subfield>
   </datafield>
   <datafield tag="653" ind2=" " ind1=" ">
      <subfield code="a">Seismic behavior</subfield>
   </datafield>
   <datafield tag="653" ind2=" " ind1=" ">
      <subfield code="a">Quasi-static test</subfield>
   </datafield>
   <datafield tag="653" ind2=" " ind1=" ">
      <subfield code="a">Numerical modeling</subfield>
   </datafield>
   <datafield ind2="0" ind1="0" tag="245">
      <subfield code="a">Influence of wall thickness on the seismic performance of thin-walled precast UHPC hollow piers</subfield>
   </datafield>
</record></metadata></record></GetRecord></OAI-PMH>